[Event "Challenge"]
[Site "http://www.queenalice.com/game.php?id=308799"]
[Date "2007.11.23"]
[Round "-"]
[White "REIUSFENIX"]
[Black "g14"]
[Result "1-0"]
[WhiteElo "1448"]
[BlackElo "970"]

1. e3 b5 2. Qf3 c6 3. c4 h6 4. cxb5 g5 5. Bc4 e6 6. e4 Bb7 7. Nh3 h5 8. Nxg5 f6
9. Nh3 Qa5 10. b3 Bh6 11. Qxh5+ Kd8 12. O-O Kc7 13. Bb2 Qxd2 14. Nxd2 a6 15.
Bxf6 Nxf6 16. Qf7 Nh5 17. Rfd1 Bf8 18. bxc6 Nxc6 19. Nf3 e5 20. Qxd7+ Kb6 21. a4
Bc5 22. a5+ Nxa5 23. Nxe5 Ra7 24. Qe6+ Bc6 25. Rdb1 Ng7 26. Qg6 Rh4 27. b4 Re7
28. bxa5+ Kc7 29. Qxc6+ Kd8 30. Rb8# 1-0

[Event "Challenge"]
[Site "http://www.queenalice.com/game.php?id=309770"]
[Date "2007.11.25"]
[Round "-"]
[White "Andre2000"]
[Black "g14"]
[Result "1-0"]
[WhiteElo "1258"]
[BlackElo "1047"]

1. Nf3 c5 2. Nc3 Na6 3. e3 d6 4. Bb5+ Qd7 5. Bxd7+ Bxd7 6. Ng5 Kd8 7. Nxf7+ Kc8
8. Nxh8 Nb4 9. Qh5 Kc7 10. O-O Nf6 11. a3 Nxh5 12. axb4 Be6 13. Ra5 Bc4 14. Nb5+
Kc6 15. Rd1 e5 16. Na3 Nf6 17. Nxc4 Be7 18. d4 Bd8 19. dxc5 Kd7 20. Rb5 Nh5 21.
e4 Bh4 22. Rxd6+ Ke7 23. Nxe5 a6 24. Rd7+ Kf6 25. Nef7 Bxf2+ 26. Kxf2 Rxh8 27.
Nxh8 Nf4 28. Bxf4 1-0

[Event "Challenge"]
[Site "http://www.queenalice.com/game.php?id=317046"]
[Date "2007.12.8"]
[Round "-"]
[White "g14"]
[Black "kelton"]
[Result "0-1"]
[WhiteElo "1002"]
[BlackElo "1309"]

1. Nf3 d5 2. c3 e6 3. Qa4+ Bd7 4. Qc2 Nf6 5. b3 c5 6. Ne5 b6 7. Ba3 Bd6 8. Nf3
a5 9. Ng5 O-O 10. Qxh7+ Nxh7 11. Nh3 Nc6 12. Bc1 a4 13. bxa4 Rxa4 14. d3 Be5 15.
Nd2 Bxc3 16. Rb1 Rxa2 17. Bb2 Bxb2 18. Rd1 Nd4 19. Nb1 Nc2+ 20. Kd2 Ba4 21. g4
d4 22. Bg2 Qh4 23. Nf4 Qxf2 24. Rdf1 Qe3+ 25. Kd1 Qc1# 0-1

[Event "danniel"]
[Site "http://www.queenalice.com/game.php?id=317427"]
[Date "2007.12.9"]
[Round "2"]
[White "ZUMBI"]
[Black "g14"]
[Result "1-0"]
[WhiteElo "1487"]
[BlackElo "970"]

1. e4 c5 2. Nf3 e5 3. Nxe5 g5 4. Bc4 Bh6 5. d4 Qa5+ 6. Bd2 Nf6 7. Bxa5 Nxe4 8.
Nxf7 Nc6 9. Nxh8 Bg7 10. Nf7 Nxa5 11. Bd5 Nf6 12. Qe2+ Kf8 13. O-O Bh6 14. Nxh6
b6 15. Bxa8 Ne4 16. Qxe4 Nc4 17. Qxh7 Nd6 18. Qg8+ Ke7 19. Re1+ Kf6 20. Qf8+ Kg6
21. Qxd6+ Kh5 22. Bf3+ Kh4 23. g3+ Kh3 24. Bg2# 1-0

[Event "Challenge"]
[Site "http://www.queenalice.com/game.php?id=318572"]
[Date "2007.12.11"]
[Round "-"]
[White "Andre2000"]
[Black "g14"]
[Result "1-0"]
[WhiteElo "1201"]
[BlackElo "1019"]

1. d4 d5 2. e3 c6 3. g4 b5 4. b4 Na6 5. a3 g6 6. Nf3 Nf6 7. Ne5 Bh6 8. Nc3 Ne4
9. Qf3 Nxc3 10. Nxf7 Kd7 11. Nxd8 Rxd8 12. Bh3 Ke8 13. O-O Rd6 14. Bd2 Na4 15.
Rfe1 Kd7 16. g5+ Kc7 17. gxh6 Rd8 18. Qf7 Kb6 19. Qxh7 Rd6 20. Qh8 Bb7 21. Qe5
Rd7 22. Bxd7 Rd8 23. Qxe7 Rh8 24. h7 Nb2 25. Qg7 Rb8 26. h8=Q Rxh8 27. Qxh8 1-0

[Event "Challenge"]
[Site "http://www.queenalice.com/game.php?id=319699"]
[Date "2007.12.13"]
[Round "-"]
[White "Andre2000"]
[Black "g14"]
[Result "1-0"]
[WhiteElo "1205"]
[BlackElo "981"]

1. e4 e5 2. d3 Nf6 3. d4 c6 4. Nf3 Qa5+ 5. Nc3 g6 6. Bc4 h6 7. O-O Ng8 8. Nxe5
Nf6 9. Nxf7 Rh7 10. Ne5 Bb4 11. Qf3 Ng8 12. Qg4 Be7 13. Nxg6 Bb4 14. Bd2 Nf6 15.
Qf4 Kd8 16. Qxf6+ Kc7 17. Bf4+ d6 18. e5 Rd7 19. Rfe1 Bxc3 20. bxc3 Qxc3 21.
exd6+ Kb6 22. Rab1+ Ka5 23. Re5+ Ka4 24. g4 Qb4 25. Rxb4+ Kxb4 26. Bd3 a5 27.
Bd2+ Ka3 28. Bf5 b6 29. Re7 Ba6 30. Bc1+ Kxa2 31. Bxd7 Be2 32. Rxe2 Nxd7 33. c4+
Kb3 34. Qe7 Nb8 35. Qb7 Nd7 36. Qxa8 Nf6 37. Ne5 Nxg4 38. Nxg4 Kxc4 39. d7 a4
40. d8=Q a3 41. Ne3+ Kc3 42. Qxa3# 1-0

[Event "Challenge"]
[Site "http://www.queenalice.com/game.php?id=321224"]
[Date "2007.12.16"]
[Round "-"]
[White "Clarck"]
[Black "g14"]
[Result "1-0"]
[WhiteElo "1181"]
[BlackElo "995"]

1. e3 c6 2. Nc3 e6 3. a4 Bc5 4. d4 Bb4 5. Nf3 Nf6 6. Bd2 Ng4 7. Ne4 b6 8. Bxb4
a6 9. h3 Nh6 10. Nd6+ Kf8 11. Ne5 Qc7 12. Ndxf7+ c5 13. Nxh6 cxb4 14. Qh5 Ke7
15. e4 Qxc2 16. Qf7+ Kd6 17. Bd3 Qxd3 18. Nxd3 Bb7 19. Ne5 Nc6 20. Qxd7# 1-0

[Event "Challenge"]
[Site "http://www.queenalice.com/game.php?id=323448"]
[Date "2007.12.20"]
[Round "-"]
[White "ane"]
[Black "g14"]
[Result "1-0"]
[WhiteElo "1126"]
[BlackElo "951"]

1. e4 e5 2. g4 c5 3. Nf3 a6 4. Nxe5 Bd6 5. Nc4 Nf6 6. Nxd6+ Kf8 7. c4 Qa5 8.
Nxc8 Qd8 9. Nd6 Qe7 10. Nxb7 Qxe4+ 11. Qe2 Qxh1 12. d3 Qxb7 13. Nc3 Nc6 14. Bg2
Re8 15. Ne4 Nd4 16. Qe3 Nc2+ 17. Kd1 Nxe3+ 18. fxe3 Nxg4 19. b3 Nxh2 20. Bb2 Re6
21. Ng5 Rxe3 22. Bxb7 Nf1 23. Kc2 Re2+ 24. Kc3 Rxb2 25. Kxb2 Ne3 26. Re1 Nc2 27.
Kxc2 f6 28. Ne4 f5 29. Rf1 d5 30. Nd6 h5 31. Bxd5 Rh6 32. Rxf5+ Ke7 33. Ne4 h4
34. Nxc5 h3 35. Ne4 Rg6 36. c5 h2 37. Nf2 Kd8 38. Rh5 Rg2 39. Bxg2 g6 40. Rxh2
Kc8 41. Rh8+ Kc7 42. Ne4 Kd7 43. Nf6+ Ke6 44. Ne4 Kf5 45. c6 g5 46. c7 g4 47.
Kc3 Kf4 48. c8=Q Ke5 49. d4+ Kd5 50. Rh5# 1-0

[Event "Challenge"]
[Site "http://www.queenalice.com/game.php?id=323537"]
[Date "2007.12.20"]
[Round "-"]
[White "g14"]
[Black "Andre2000"]
[Result "0-1"]
[WhiteElo "970"]
[BlackElo "1285"]

1. e4 e5 2. c4 d6 3. Qh5 g6 4. Qf3 c6 5. Ne2 b5 6. Nec3 f5 7. cxb5 cxb5 8. Bxb5+
Bd7 9. Na3 d5 10. Nxd5 a6 11. Bf1 Nc6 12. g3 Nd4 13. Qd1 fxe4 14. Nc4 Rc8 15.
Nxe5 Qg5 16. h4 Qxe5 17. Nc3 Rc6 18. Na4 Qf5 19. Bh3 Qd5 20. g4 Bb4 21. Nc3 Nh6
22. Nxd5 Rf8 23. Nxb4 Nf3+ 24. Kf1 Rc4 25. Qe2 Bb5 26. Nd5 Rc5 27. b3 Rxd5 28.
Kg2 Bxe2 29. Re1 Bd3 30. Ba3 Nxh4+ 31. Kg3 g5 32. Bg2 Re5 33. Rac1 Rf6 34. Rc8+
Kd7 35. Ra8 Rf4 36. Bf8 Rxf2 37. Re3 Rxg2+ 38. Kh3 Rxg4 39. Ra7+ Kc6 40. Bg7
Bf1+ 41. Kh2 N6f5 42. Rc3+ Kb6 43. Rc1 Nf3+ 44. Kh1 Rh4# 0-1

[Event "Challenge"]
[Site "http://www.queenalice.com/game.php?id=328131"]
[Date "2007.12.30"]
[Round "-"]
[White "Clarck"]
[Black "g14"]
[Result "1-0"]
[WhiteElo "1262"]
[BlackElo "940"]

1. e3 e5 2. e4 c5 3. Bc4 Nf6 4. a4 Nxe4 5. Bd3 Ng5 6. Nf3 Nc6 7. Nc3 Nb4 8. Bc4
Ne4 9. Nxe4 f5 10. Nd6+ Bxd6 11. d3 e4 12. Ng5 h6 13. Nf7 Qe7 14. Nxh8 Qf8 15.
Qh5+ g6 16. Qxg6+ Kd8 17. Nf7+ Kc7 18. Nxd6 Nxc2+ 19. Ke2 Nd4+ 20. Kd1 Qe7 21.
Nxf5 Qf8 22. Bxh6 Qd8 23. Qd6# 1-0

[Event "Challenge"]
[Site "http://www.queenalice.com/game.php?id=330810"]
[Date "2008.1.4"]
[Round "-"]
[White "g14"]
[Black "spygao"]
[Result "0-1"]
[WhiteElo "937"]
[BlackElo "1327"]

1. Nf3 d6 2. Ng5 e5 3. Nf3 b6 4. c4 Nf6 5. Qa4+ Nbd7 6. Nxe5 dxe5 7. Nc3 Be7 8.
Nb5 Ne4 9. Qc2 Ndf6 10. Qa4 Nc5 11. Qc2 O-O 12. h4 c6 13. Na3 Bg4 14. f3 Be6 0-1